Un acercamiento al análisis prospectivo de la administración pública y la calidad de los servicios públicos en Guatemala /
Gorde:
| Egile nagusia: | |
|---|---|
| Formatua: | Texto |
| Etiketak: |
Etiketa erantsi
Etiketarik gabe, Izan zaitez lehena erregistro honi etiketa jartzen!
|
MARC
| LEADER | 00000 a a2200000 04500 | ||
|---|---|---|---|
| 001 | 46929 | ||
| 003 | |||
| 040 | |||
| 100 | |a Cataneda Mena, Fátima A. | ||
| 245 | |a Un acercamiento al análisis prospectivo de la administración pública y la calidad de los servicios públicos en Guatemala / |c Fátima A. Castaneda Mena | ||
| 773 | |a número60, (2011), páginas 75-97 | ||
| 999 | |c 36420 |d 36420 | ||
